000 01063nam a22002537a 4500
005 20170124103059.0
010 _aA-968295
020 _c100.00
_a8121406846
035 _aA-968295
037 _bCen Lib/Ret
040 _aDPL
_bHN
082 _a921
_bउमाशं
100 _aउमाशंकर
_976264
245 _aकृतं भवति सर्वत्र /
_cउमाशंकर
246 _aKrit bhavti sarvatr /
_bby Umashankar
260 _aनयी दिल्ली
_bनेशनल पब्लिशिंग हाउस
_c1998
270 _bनयी दिल्ली
_a2/35 अंसारी रोड, दरियागंज
_e110002
300 _ax,88पृ. :
_c20सेमी(सजिल्द)
_bरंगीन चित्र
650 _aहिन्दी साहित्य
_976265
650 _aहिन्दी -- जीवनियाँ
_976266
650 _aHindi literature
_976267
650 _aHindi - Biographies
_976268
942 _2ddc
_cHN
_h921
_mउमाशं
999 _c117683
_d117683